Proceedings of the International Conference on rubbers- Calcutta, December 12-14 1997. V.1 (Record no. 43845)

MARC details
000 -LEADER
fixed length control field 00375nam a2200121Ia 4500
082 ## - DEWEY DECIMAL CLASSIFICATION NUMBER
Classification number NR:063RT`1997'
Item number IIT.1
245 #0 - TITLE STATEMENT
Title Proceedings of the International Conference on rubbers- Calcutta, December 12-14 1997. V.1
260 ## - PUBLICATION, DISTRIBUTION, ETC. (IMPRINT)
Place of publication Kharagpur
Name of publisher IIT
650 ## - SUBJECT ADDED ENTRY--TOPICAL TERM
Topical Term Rubber compounding
650 ## - SUBJECT ADDED ENTRY--TOPICAL TERM
Topical Term Rubber vulcanization
942 ## - ADDED ENTRY ELEMENTS (KOHA)
Koha item type Books
Holdings
Withdrawn status Lost status Damaged status Not for loan Home library Current library Date acquired Source of acquisition Full call number Accession Number Koha item type
        RRII Library RRII Library 16/12/2021 Gift NR:063RT`1997' IIT.1 G00596 Books